Naturaleza, cultura y personalidad
Shranjeno v:
| Main Authors: | , |
|---|---|
| Format: | Knjiga |
| Jezik: | španščina |
| Izdano: |
Buenos Aires
Paidós
1900
|
| Serija: | Biblioteca del Hombre Contemporáneo, 158
|
| Teme: | |
| Oznake: |
Označite
Brez oznak, prvi označite!
|
MARC
| LEADER | 00000nam a2200000 a 4500 | ||
|---|---|---|---|
| 001 | UCZ3595 | ||
| 003 | CL-VaPUC | ||
| 008 | 951027e19000000AG |||||||||||||||||spa|d | ||
| 082 | 0 | 4 | |a 150 |b JOH |2 21 |
| 100 | |a Johnson, Harry Morton |e author |9 333385 | ||
| 700 | 0 | |a Young, K |e author |9 347388 | |
| 245 | 1 | 0 | |a Naturaleza, cultura y personalidad |
| 300 | |a 156 p | ||
| 942 | |c BK | ||
| 945 | |d 19951027 00:00:00 |a rleighto | ||
| 260 | |a Buenos Aires |b Paidós |c 1900 | ||
| 650 | 0 | |a Sociología cultural |9 337005 | |
| 650 | 0 | |a Psicología social |9 222894 | |
| 650 | 0 | |a Personalidad |9 307255 | |
| 650 | 7 | |a CARACTER |2 CL-VaPUC |9 308186 | |
| 650 | 0 | |a Cultura |9 269059 | |
| 650 | 0 | |a Sociedad |9 307903 | |
| 583 | |a last modification |c 19951027 00:00:00 |k Rodrigo Vera | ||
| 490 | 0 | |a Biblioteca del Hombre Contemporáneo, 158 | |
| 999 | |c 240053 |d 240051 | ||
| 952 | |0 0 |1 0 |4 0 |6 150_000000000000000_JOH_1900 |7 0 |8 P |9 251645 |a BIBEDU |b BIBEDU |c BIBEDU_PB |d 2019-11-18 |i 3125939 |o 150 JOH 1900 |p 3125939 |r 2024-01-25 |w 2019-11-18 |y BK |k FIL | ||